[Event "Wch U20 Girls"]
[Site "Mamaia"]
[Date "1991.??.??"]
[Round "?"]
[White "Limbach, Renate"]
[Black "Janjgava, Natia"]
[Result "1/2-1/2"]
[WhiteElo "2130"]
[BlackElo "2175"]

1.e4 d6 2.d4 g6 3.Nc3 Bg7 4.f4 c6 5.Nf3 Qb6 6.Bc4 Nd7 7.Be3 Ngf6 8.Bb3 e5
9.Qd2 exd4 10.Nxd4 Qd8 11.O-O-O Nc5 12.e5 dxe5 13.fxe5 Nxb3+ 14.Nxb3 Qxd2+
15.Nxd2 Ng4 16.Bd4 O-O 17.Rde1 b6 18.h3 Nh6 19.g4 c5 20.Bf2 Bb7 21.Rh2 f5
22.exf6 Bxf6 23.Bg3 Nf7 24.Nde4 Bg7 25.Nd6 Nxd6 26.Bxd6 Rf3 27.h4 Rd8 28.Rd2 Bd4
29.Be7 Re8 30.Rde2 Bf2 31.Bg5 Ref8 32.Rd1 Kg7  1/2-1/2

[Event "Manzanillo"]
[Site "Manzanillo"]
[Date "1991.??.??"]
[Round "4"]
[White "Pazos, Plinio"]
[Black "Calderin, Roberto"]
[Result "1/2-1/2"]
[WhiteElo "2330"]
[BlackElo "2345"]

1.e4 g6 2.d4 Bg7 3.Nc3 d6 4.f4 Nc6 5.Be3 Nh6 6.Nf3 Bg4 7.Be2 d5 8.Nxd5 e6
9.Nc3 Bxf3 10.Bxf3 Bxd4 11.Qe2 Bxe3 12.Qxe3 Qd4 13.Kf2 O-O-O 14.Qxd4 Nxd4
15.Rac1 e5 16.fxe5 Rhe8 17.Rhd1 Rxe5 18.Nd5 Nxf3 19.gxf3 f5 20.Nf6 fxe4 21.Rxd8+ Kxd8
22.Re1 Rf5 23.Nxe4 Ng4+ 24.Kg3 Nf6 25.Nxf6 Rxf6  1/2-1/2

[Event "Manzanillo"]
[Site "Manzanillo"]
[Date "1991.??.??"]
[Round "8"]
[White "Pazos, Plinio"]
[Black "Gonzales, JA."]
[Result "0-1"]
[WhiteElo "2330"]
[BlackElo "2320"]

1.e4 g6 2.d4 Bg7 3.Nc3 d6 4.f4 c6 5.Nf3 Bg4 6.Be3 Qb6 7.a3 Bxf3 8.gxf3 e6
9.Be2 f5 10.Qd2 d5 11.O-O-O Nf6 12.Bd3 Nbd7 13.Rhf1 Bf8 14.Rde1 O-O-O 15.Bf2 Re8
16.Re2 Bh6 17.Rfe1 Nh5 18.Be3 Rhf8 19.Rf2 Qa5 20.Ne2 Qxd2+ 21.Kxd2 Ndf6 22.e5 Nd7
23.b4 b5 24.Ra1 Nb6 25.Rff1 Kb7 26.c3 Ra8 27.Ra2 a5 28.Rfa1 Ra7 29.Kc2 Rfa8
30.Kb1 Kc7 31.Kb2 Na4+ 32.Kb3 Kd7 33.Bd2 Nb6 34.Be3 Ke7 35.Bd2 Kf7 36.Be3 Ng7
37.Ng3 Ne8 38.h4 Nc4 39.Bc1 a4+ 40.Kc2 Bf8 41.Kd1 Be7 42.Rh2 Ng7 43.h5 gxh5
44.Nxh5 Nxh5 45.Rxh5 Kg6 46.Rh2 h5 47.Raa2 Rh8 48.Rag2+ Kf7 49.Ke2 Nb6 50.Rh1 Raa8
51.Be3 Rag8 52.Rgh2 h4 53.Bf2 Rg7 54.Bxh4 Bxh4 55.Rxh4 Rxh4 56.Rxh4 Rg2+
57.Kf1 Rd2 58.Be2 Kg7 59.Rh3 Nd7 60.Rg3+ Kf7 61.Rh3 Nf8 62.Kf2 Ra2 63.Rh1 Rxa3
64.Rc1 Rb3 65.Ke3 Ng6 66.Bd1 Rb2 67.Ra1 Nh4 68.Bxa4 bxa4 69.Rxa4 Ng2+ 70.Kd3 Nxf4+
71.Ke3 Ng2+ 72.Kd3 f4  0-1

[Event "Manzanillo"]
[Site "Manzanillo"]
[Date "1991.??.??"]
[Round "12"]
[White "Sariego, Wilfredo"]
[Black "Calderin, Roberto"]
[Result "0-1"]
[WhiteElo "2435"]
[BlackElo "2345"]

1.e4 g6 2.d4 Bg7 3.Nc3 d6 4.Be3 Nf6 5.Qd2 Nc6 6.f3 O-O 7.O-O-O e5 8.Nge2 a6
9.h4 h5 10.Bg5 exd4 11.Nxd4 Qe8 12.Nxc6 bxc6 13.Bh6 Qe5 14.Bxg7 Kxg7 15.Qd4 Qa5
16.g4 hxg4 17.fxg4 Qc5 18.Qxc5 dxc5 19.Bg2 Rb8 20.a3 Rh8 21.Ne2  0-1

[Event "Mittelfranken-ch"]
[Site "Mittelfranken"]
[Date "1991.??.??"]
[Round "?"]
[White "Wallinger, Manfred"]
[Black "Zeltner, O."]
[Result "1-0"]
[WhiteElo "2215"]
[BlackElo "1960"]

1.d4 g6 2.e4 Bg7 3.Nc3 d6 4.g3 Nf6 5.Bg2 O-O 6.Nge2 c6 7.O-O e5 8.h3 Be6
9.Be3 Qc8 10.Kh2 h5 11.Qd2 Nbd7 12.b3 Nb6 13.a4 a5 14.d5 cxd5 15.exd5 Nbxd5
16.Nxd5 Nxd5 17.Bxd5 Bxh3 18.Bxb7 Qxb7 19.Kxh3 d5 20.Kh2 Kh7 21.Bc5 Rfc8
22.Ba3 d4 23.Ra2 h4 24.gxh4 Rh8 25.f3 Kg8 26.Ng3 Rxh4+ 27.Kg2 Rc8 28.Qg5 Rf4
29.Qe7 Qa8 30.Bc1 Re8 31.Qc5 Rf6 32.Qb5 Rc6 33.Ba3 Rc3 34.Ne4 Re3 35.Nd6 Rf8
36.Bc1 Re2+  1-0

[Event "FRA-ch Acc"]
[Site "Montpellier"]
[Date "1991.??.??"]
[Round "1"]
[White "Saucey, Michel"]
[Black "Lahilhanne, Philippe"]
[Result "0-1"]
[WhiteElo "2255"]
[BlackElo "2090"]

1.d4 g6 2.e4 Bg7 3.Nc3 d6 4.Nf3 Nd7 5.Be3 e6 6.Be2 Ne7 7.O-O b6 8.a4 a6 9.Qd2 h6
10.Rad1 Bb7 11.h3 Kf8 12.Nh2 Kg8 13.f4 d5 14.Bf3 f5 15.e5 c5 16.Ne2 Kf7 17.c4 Qb8
18.cxd5 Nxd5 19.Nc3 Rd8 20.dxc5 Nxc5 21.Bxc5 bxc5 22.Nxd5 Bxd5 23.Qa5 Bf8
24.Rfe1 Be7 25.Bxd5 Rxd5 26.Qc3 Qd8 27.Qc2 Rb8 28.Nf3 Rb4 29.g3 Qd7 30.b3 Qb7
31.Rxd5 Qxd5 32.Nd2 g5 33.fxg5 Bxg5 34.Nc4 Qf3 35.Qf2 Rxb3 36.Qxf3 Rxf3 37.Kg2 Rb3
38.Rd1 Rb4 39.Nd6+ Kf8 40.Nc8 c4 41.h4 Rb2+  0-1

[Event "FRA-ch (Women)"]
[Site "Montpellier"]
[Date "1991.??.??"]
[Round "1"]
[White "Tagnon, Nicole"]
[Black "Castaing, Sandrine"]
[Result "1-0"]
[WhiteElo "2090"]
[BlackElo "1950"]

1.e4 d6 2.d4 g6 3.Nc3 Bg7 4.h4 Nf6 5.Be2 h5 6.Nh3 c6 7.Ng5 d5 8.e5 Ng4 9.e6 fxe6
10.Qd3 Bf6 11.Qxg6+ Kd7 12.Nf7 Rg8 13.Qxh5 Nxf2  1-0

[Event "FRA-ch Acc"]
[Site "Montpellier"]
[Date "1991.??.??"]
[Round "2"]
[White "Belkhodja, Slim"]
[Black "Dussol, Pierre"]
[Result "1-0"]
[WhiteElo "2395"]
[BlackElo "2245"]

1.e4 g6 2.d4 Bg7 3.Nc3 d6 4.Be3 a6 5.f4 b5 6.Nf3 Bb7 7.Bd3 b4 8.Ne2 Nf6 9.e5 Nd5
10.Bf2 Nd7 11.O-O O-O 12.c4 bxc3 13.bxc3 c5 14.Rb1 Qc7 15.Ng5 c4 16.Be4 N7b6
17.f5 dxe5 18.fxg6 hxg6 19.Ng3 Nxc3 20.Qg4 Nxe4 21.N3xe4 Bxe4 22.Qh4 Rfc8
23.Qh7+ Kf8 24.Nxe4 Nd5 25.Bh4 Nf4 26.Bg5 f6 27.dxe5 fxg5 28.Nxg5 Qxe5 29.Rxf4+  1-0

[Event "FRA-ch Acc"]
[Site "Montpellier"]
[Date "1991.??.??"]
[Round "2"]
[White "Ladisic, Alex Sacha"]
[Black "Letreguilly, Olivier"]
[Result "0-1"]
[WhiteElo "2140"]
[BlackElo "2305"]

1.e4 g6 2.d4 Bg7 3.Nc3 d6 4.Be3 c6 5.Qd2 Qc7 6.f4 b5 7.Nf3 Nd7 8.Bd3 Rb8
9.O-O Ngf6 10.h3 O-O 11.f5 b4 12.Ne2 c5 13.c3 Qa5 14.e5 Nd5 15.Bh6 bxc3 16.bxc3 cxd4
17.e6 Ne3 18.Bxg7 Kxg7 19.exd7 Nxf1 20.Qg5 f6 21.dxc8=Q Rfxc8 22.Qf4 Ne3
23.Nexd4 Qxc3 24.Re1 Nd5 25.Ne6+ Kf7 26.Qh6 Qxd3 27.Qxh7+ Ke8 28.fxg6 Kd7
29.g7 Qxh7  0-1

[Event "FRA-ch Acc"]
[Site "Montpellier"]
[Date "1991.??.??"]
[Round "3"]
[White "Belheine, Larbi"]
[Black "Aurel, Luc"]
[Result "0-1"]
[WhiteElo "1990"]
[BlackElo "2210"]

1.e4 d6 2.d4 g6 3.Nc3 Bg7 4.Be3 a6 5.Qd2 b5 6.f3 Nd7 7.a4 b4 8.Nd1 a5 9.c3 c5
10.Bc4 cxd4 11.cxd4 Ngf6 12.Ne2 O-O 13.O-O Nb6 14.Bd3 d5 15.e5 Ne8 16.b3 f6
17.f4 f5 18.Nf2 e6 19.h3 Rf7 20.g4 Bf8 21.g5 Raa7 22.Kg2 Rac7 23.Rh1 Bb7
24.Bb5 Nc4 25.Qd3 Rc8 26.Kh2 Rfc7 27.Rhc1 Na3 28.Bxe8 Qxe8 29.Rxc7 Rxc7 30.Rc1 Qc8
31.Rxc7 Qxc7 32.Nd1 Qc6 33.Nc1 Ba6 34.Qd2 Kf7 35.Kg3 Bf1 36.h4 Be7 37.Nb2 Nb1
38.Qe1 Ba6 39.Ncd3 Qc2 40.Qc1 Bxd3  0-1

[Event "FRA-ch Acc"]
[Site "Montpellier"]
[Date "1991.??.??"]
[Round "3"]
[White "Nemirovski, Serge"]
[Black "Weill, Roland"]
[Result "0-1"]
[WhiteElo "2290"]
[BlackElo "2210"]

1.e4 g6 2.d4 Bg7 3.Nc3 d6 4.Be3 c6 5.Qd2 b5 6.f3 Nd7 7.Nh3 Nb6 8.Nf2 a6 9.b3 Qc7
10.Be2 Bb7 11.O-O Nf6 12.Nd3 O-O 13.Rf2 Nfd7 14.Raf1 c5 15.d5 c4 16.Nb4 cxb3
17.Bd4 Bxd4 18.Qxd4 Rac8 19.Nd1 bxc2 20.Nxc2 Qxc2 21.f4 Qc5 22.Qa1 Nf6 23.Bf3 Na4
24.Kh1 Qc1 25.Qd4 Qxf4  0-1

[Event "FRA-ch Acc"]
[Site "Montpellier"]
[Date "1991.??.??"]
[Round "7"]
[White "Letreguilly, Olivier"]
[Black "Aurel, Luc"]
[Result "1-0"]
[WhiteElo "2305"]
[BlackElo "2210"]

1.e4 d6 2.d4 g6 3.Nc3 Bg7 4.Be3 a6 5.g3 Nd7 6.Bg2 e5 7.Nge2 Ne7 8.h3 f5 9.O-O O-O
10.dxe5 Nxe5 11.b3 fxe4 12.Nxe4 d5 13.Nc5 b6 14.Na4 Rb8 15.Nf4 c6 16.c4 b5
17.cxb5 axb5 18.Nc5 Qd6 19.Ne4 Qd7 20.Nc5 Qd6 21.Rc1 Nf5 22.Bd2 Ra8 23.Bb4 Rf7
24.a3 Qf6 25.Rc2 Ne7 26.Re2 Qg5 27.Nce6 Bxe6 28.Nxe6 Qf6 29.Nxg7 Kxg7 30.Rfe1 c5
31.Bxc5 N5c6 32.Rxe7 Rxe7 33.Rxe7+  1-0

[Event "FRA-ch Acc"]
[Site "Montpellier"]
[Date "1991.??.??"]
[Round "11"]
[White "Desmoitier, Jean Bruno"]
[Black "Ferry, Roger"]
[Result "0-1"]
[WhiteElo "2140"]
[BlackElo "2245"]

1.e4 d6 2.d4 g6 3.Nc3 Bg7 4.Be3 Nf6 5.Nf3 O-O 6.h3 Nbd7 7.Bc4 e5 8.dxe5 dxe5
9.a4 Qe7 10.b3 c6 11.O-O Nh5 12.a5 Nf4 13.Qd2 Qf6 14.Nh2 h5 15.Rfd1 Re8 16.Qd6 Qg5
17.g3 h4 18.Nf3 Qh5 19.Nxh4 Nf8 20.Qd2 Bxh3 21.Ne2 g5 22.gxf4 exf4 23.Bd4 Qg4+
24.Kh1 Qxh4 25.f3 Bg4+ 26.Kg2 Qh3+  0-1

[Event "Russian Winter op"]
[Site "Moscow"]
[Date "1991.??.??"]
[Round "?"]
[White "Odeev, Handszar"]
[Black "Meshkov, Yuri A"]
[Result "1-0"]
[WhiteElo "2315"]
[BlackElo "2285"]

1.e4 g6 2.d4 Bg7 3.Nc3 d6 4.Bg5 c6 5.Qd2 Qa5 6.f4 b5 7.Nf3 Nf6 8.Bd3 b4 9.Ne2 Ba6
10.O-O Bxd3 11.cxd3 Qb6 12.Kh1 Nbd7 13.f5 gxf5 14.Ng3 fxe4 15.dxe4 d5 16.e5 Ne4
17.Nxe4 dxe4 18.Nh4 Qb5 19.Bxe7  1-0

[Event "Russian Winter op"]
[Site "Moscow"]
[Date "1991.??.??"]
[Round "?"]
[White "Kremenietsky, Anatoly M"]
[Black "Glyanets, Alexander"]
[Result "0-1"]
[WhiteElo "2390"]
[BlackElo "2380"]

1.e4 g6 2.d4 Bg7 3.Nc3 d6 4.Nf3 Nf6 5.Be2 O-O 6.O-O c6 7.a4 Qc7 8.Re1 e5
9.h3 Nbd7 10.Be3 exd4 11.Bxd4 Re8 12.Nd2 b6 13.f4 Bb7 14.Bf3 Rad8 15.Bf2 Bh6
16.g3 a5 17.Nf1 Nc5 18.Bd4 Bg7 19.Qd2 Ne6 20.Bf2 d5 21.exd5 Nxd5 22.Bxd5 cxd5
23.Nb5 Qd7 24.Bxb6 d4 25.Bxd8 Qc6 26.Qh2 Rxd8 27.Nd2 Bf8 28.Nb3 d3 29.c3 Qc4
30.Nd2 Bc5+ 31.Kf1 Qd5 32.Re5 Qd7 33.Rae1 Bf8 34.h4 Nc5 35.b3 f5 36.Qh3 Ne4
37.Nxe4 Bxe4 38.Nd4 Qc7 39.R5xe4 d2 40.Rd1 Qxc3 41.Ke2 Bb4 42.h5 Rxd4 43.Rxd4 Qxd4
44.Qg2 Qd6 45.Qa8+ Kg7 46.Qa7+ Kh6 47.hxg6 Kxg6 48.Qe3 Qc6 49.Rxd2 Qg2+ 50.Kd1 Bxd2
51.Qe6+ Kg7 52.Qe7+ Kg8 53.Qg5+ Kh8 54.Qf6+ Kg8 55.Qe6+ Kg7 56.Qd7+ Kf6 57.Qd6+ Kf7
58.Qd5+  0-1

[Event "Moscow2"]
[Site "Moscow"]
[Date "1991.??.??"]
[Round "?"]
[White "Kozlov, Vladimir N"]
[Black "Shchekachev, Andrei"]
[Result "1/2-1/2"]
[WhiteElo "2360"]
[BlackElo "2355"]

1.d4 g6 2.e4 d6 3.Nc3 Bg7 4.Be3 c6 5.Qd2 Nd7 6.f4 Ngf6 7.Nf3 b5 8.Bd3 Nb6
9.h3 a5 10.O-O O-O 11.e5 Nfd5 12.Nxd5 Nxd5 13.f5 Nxe3 14.Qxe3 gxf5 15.g4 c5
16.gxf5 c4 17.Kh2 cxd3 18.Qe4 Qd7 19.e6 Qc7 20.Qh4 Bxe6 21.fxe6 fxe6 22.c3 d5+
23.Kh1 Qf4 24.Qxf4 Rxf4 25.Rad1 Raf8 26.Kg2 Re4 27.Rxd3 Re2+ 28.Rf2 Rxf2+
29.Kxf2 Bf6 30.Re3 Kf7 31.Kf1 Rb8 32.a3 Rc8 33.Ke2 Rc6 34.Kd3 Rc8 35.Ne1 Rg8
36.Kc2 Rb8 37.Kb3 Rb6 38.Nd3 Kg6 39.Rf3 Rb8 40.Nc5 Rb6 41.Nd3  1/2-1/2

[Event "Nettetal"]
[Site "Nettetal"]
[Date "1991.??.??"]
[Round "8"]
[White "Siklosi, Zoltan"]
[Black "Schneider, B."]
[Result "0-1"]
[WhiteElo "2365"]
[BlackElo "2455"]

1.e4 g6 2.d4 Bg7 3.Nc3 d6 4.Nf3 Bg4 5.Be2 Nc6 6.Be3 e5 7.dxe5 Bxf3 8.Bxf3 Nxe5
9.Be2 Nf6 10.O-O O-O 11.f3 Re8 12.Qd2 Qd7 13.Rad1 a6 14.a4 Rab8 15.Rfe1 b5
16.axb5 axb5 17.b3 Qc6 18.Bf1 Ned7 19.Na2 Nc5 20.Nb4 Qb7 21.Bf2 Ne6 22.Nd5 c6
23.Nxf6+ Bxf6 24.b4 Ra8 25.Rb1 Red8 26.c4 Ra3 27.cxb5 Bc3 28.Qc1 Bxe1 29.Qxa3 Bxf2+
30.Kxf2 cxb5 31.Qa5 d5 32.Rd1 Ra8 33.Qxb5 Qa7+ 34.Kg3 Qc7+ 35.Kf2 dxe4 36.Qc4 Qb6+
37.Kg3 Qb8+ 38.Kf2 exf3 39.Kg1 Qe5 40.b5 Qe3+ 41.Kh1 Nf4 42.Qc6 fxg2+ 43.Bxg2 Rb8
44.Bf1 h5 45.Bc4 Kg7 46.Rf1 Rc8  0-1

[Event "New York op"]
[Site "New York"]
[Date "1991.??.??"]
[Round "1"]
[White "Seltzer, Robert"]
[Black "Ehlvest, Jaan"]
[Result "0-1"]
[WhiteElo "2350"]
[BlackElo "2650"]

1.e4 g6 2.d4 Bg7 3.Nc3 d6 4.Nf3 Nf6 5.h3 O-O 6.Bg5 c6 7.Qd2 b5 8.a3 Qc7 9.Bd3 Nbd7
10.O-O a6 11.d5 cxd5 12.exd5 Bb7 13.Nd4 Nb6 14.Bxf6 Bxf6 15.Nde2 Nxd5 16.Nxd5 Bxd5
17.Bxg6 hxg6 18.Qxd5 Qxc2 19.Nf4 Be5 20.Nd3 e6 21.Qf3 Bg7 22.Rac1 Qb3 23.Rc7 e5
24.Rfc1 Rae8 25.R1c3 Qe6 26.Qe3 Qf5 27.g4 Qe6 28.Nb4 e4 29.R3c6 a5 30.Nc2 Bxb2
31.Qd2 Be5 32.Qxa5 Qf6 33.Qd2 Bf4 34.Qe2 Qb2 35.Rc3 d5 36.R7c6 Be5 37.R3c5 Qc1+
38.Qe1 Qf4 39.Qe3 Qh2+ 40.Kf1 Bf4 41.Qc3 e3 42.Nxe3 Qxh3+ 43.Ng2 Qh1+  0-1

[Event "Niksic"]
[Site "Niksic"]
[Date "1991.??.??"]
[Round "6"]
[White "Cabrilo, Goran"]
[Black "Strikovic, Aleksa"]
[Result "1-0"]
[WhiteElo "2490"]
[BlackElo "2495"]

1.e4 g6 2.d4 Bg7 3.Nc3 d6 4.f4 Nf6 5.Nf3 O-O 6.Bd3 Na6 7.O-O c5 8.d5 Nc7
9.Qe1 e6 10.dxe6 Bxe6 11.f5 Bd7 12.Qh4 b5 13.Bg5 b4 14.e5 dxe5 15.Ne4 Nce8
16.fxg6 hxg6 17.Nxe5 Bf5 18.Nc6 Qc7 19.Nxf6+ Nxf6 20.Bxf6 Qxc6 21.Rxf5  1-0

[Event "NOR-ch"]
[Site "NOR"]
[Date "1991.??.??"]
[Round "4"]
[White "Djurhuus, Rune"]
[Black "Bern, Ivar"]
[Result "1-0"]
[WhiteElo "2410"]
[BlackElo "2405"]

1.e4 g6 2.d4 Bg7 3.Nc3 d6 4.Nge2 Nf6 5.g3 O-O 6.Bg2 c6 7.a4 Nbd7 8.h3 e5
9.Be3 Qc7 10.O-O b6 11.Qd2 Re8 12.g4 Bb7 13.Ng3 d5 14.f4 exd4 15.Bxd4 dxe4
16.g5 e3 17.Bxe3 Nd5 18.Nxd5 cxd5 19.Bd4 Bxd4+ 20.Qxd4 Nc5 21.Rad1 Rad8 22.c3 Ba6
23.Rf2 Ne4 24.Rf3 Nxg3 25.Rxg3 Bc4 26.Re3 Rxe3 27.Qxe3 Bb3 28.Rd4 Qc5 29.Kf2 a5
30.Bf1 Bc2 31.h4 Qc7 32.Bb5 Kf8 33.Qe5 Qxe5 34.fxe5 Ke7 35.Ke3 Ke6 36.Rf4 Kxe5
37.Rxf7  1-0

[Event "Oberwart op"]
[Site "Oberwart"]
[Date "1991.??.??"]
[Round "?"]
[White "Sinowjew, Juri"]
[Black "Brestian, Egon"]
[Result "1-0"]
[WhiteElo "2305"]
[BlackElo "2475"]

1.e4 d6 2.d4 g6 3.Nc3 Bg7 4.g3 Nf6 5.Bg2 O-O 6.Nge2 Nbd7 7.O-O c5 8.h3 cxd4
9.Nxd4 a6 10.Be3 Ne5 11.b3 Bd7 12.Nd5 Nc6 13.c4 Nxd5 14.exd5 Nxd4 15.Bxd4 b5
16.Bxg7 Kxg7 17.Qd4+ Kg8 18.c5 dxc5 19.Qxc5 Rc8 20.Qa7 Ra8 21.Qd4 a5 22.Rac1 Ra6
23.Rfe1 e6 24.d6 Qb6 25.Qf6 Qxd6 26.Red1 Qa3 27.Rc7 Rd6 28.Rxd7 Rxd7 29.Rxd7 Qxa2
30.Ra7 Qxb3 31.Bc6 e5 32.Rd7 Qb1+ 33.Kg2 Qf5 34.Qxf5  1-0

[Event "Scandic Cup"]
[Site "Odense"]
[Date "1991.??.??"]
[Round "8"]
[White "Pekarek, Ales"]
[Black "Borkowski, Franciszek"]
[Result "0-1"]
[WhiteElo "2475"]
[BlackElo "2375"]

1.d4 d6 2.e4 g6 3.Nc3 Bg7 4.Be3 Nf6 5.h3 O-O 6.Qd2 c6 7.a4 Qa5 8.Nf3 b5 9.Bd3 b4
10.Ne2 d5 11.Ng3 dxe4 12.Nxe4 Nxe4 13.Bxe4 Ba6 14.Bh6 Rd8 15.Bxg7 Kxg7 16.Bd3 Bxd3
17.Qxd3 c5 18.O-O cxd4 19.Nxd4 e5 20.Qe4 Qd5 21.Qxd5 Rxd5 22.Nb5 Rc5 23.c3 bxc3
24.Nxc3 Nc6 25.Ne4 Rc4 26.Nd6 Rd4 27.Nb5 Rb4 28.Rac1 Nd4 29.Rc5 Rxa4 30.Nc7 Rb8
31.Rxe5 Rxb2 32.Ne8+ Kf8 33.Nf6 h6 34.Rd1 a5 35.Ng4 h5 36.Ne3 Ne2+ 37.Kh2 Nf4
38.Rd8+ Kg7 39.Nd1 Rb3 40.Rd7  0-1

[Event "Oostende op"]
[Site "Oostende"]
[Date "1991.??.??"]
[Round "4"]
[White "Bogaerts, Jan"]
[Black "McNab, Colin Anderson"]
[Result "0-1"]
[WhiteElo "2260"]
[BlackElo "2425"]

1.e4 g6 2.d4 d6 3.Nc3 Bg7 4.Nf3 Nf6 5.Be2 O-O 6.O-O Bg4 7.Be3 Nc6 8.d5 Bxf3
9.Bxf3 Ne5 10.Be2 c6 11.a4 Qa5 12.Ra3 Ned7 13.Qd2 cxd5 14.exd5 Rfc8 15.f4 Nb6
16.Rb3 Nc4 17.Bxc4 Rxc4 18.Rxb7 Ng4 19.Kh1 Qa6 20.Rb5 Rxa4 21.Rb1 Nxe3 22.Qxe3 Bxc3
23.bxc3 Qxb5 24.Rxb5 Ra1+ 25.Qg1 Rxg1+ 26.Kxg1 Rc8 27.Rb7 Kf8 28.Rxa7 Rxc3
29.Ra8+ Kg7 30.Ra7 Kf6 31.g4 Rxc2 32.g5+ Kg7 33.Rxe7 Rc4 34.Kg2 Rxf4 35.Kg3 Rf5
36.h4 Rxd5 37.Rd7 Rd1 38.Kg2 d5 39.Kf3 h6 40.Rd8 h5 41.Kf2 Rd4 42.Kg3 Rd2
43.Kf3 d4 44.Kf4 Rd3 45.Ke5 Re3+  0-1

[Event "Oostende op"]
[Site "Oostende"]
[Date "1991.??.??"]
[Round "9"]
[White "Cifuentes Parada, Roberto"]
[Black "Van Laatum, Gozewijn"]
[Result "0-1"]
[WhiteElo "2535"]
[BlackElo "2390"]

1.d4 g6 2.e4 Bg7 3.Nc3 d6 4.Nf3 a6 5.Be2 Nf6 6.O-O O-O 7.Bf4 b5 8.e5 Nfd7
9.Re1 Nc6 10.Bf1 dxe5 11.dxe5 Nc5 12.Qc1 Bf5 13.Nh4 e6 14.Nxf5 exf5 15.Qe3 Ne6
16.Rad1 Ncd4 17.Bh6 c5 18.Bxg7 Kxg7 19.Ne2 Qa5 20.Nxd4 cxd4 21.Qb3 Rfd8 22.a3 Rac8
23.Qd3 Qc7 24.Rc1 Rd5 25.f4 Rc5 26.c3 dxc3 27.b4 Rc4 28.g3 c2 29.Qd6 Qa7+
30.Kh1 Rd4  0-1

[Event "Ostrava"]
[Site "Ostrava"]
[Date "1991.??.??"]
[Round "6"]
[White "Tseitlin, Mikhail S"]
[Black "Gazik, Igor"]
[Result "1/2-1/2"]
[WhiteElo "2480"]
[BlackElo "2455"]

1.e4 g6 2.d4 Bg7 3.Nc3 d6 4.Nf3 Nf6 5.Be2 O-O 6.O-O Bg4 7.Be3 Nc6 8.Qd2 e5
9.dxe5 dxe5 10.Rad1 Qc8 11.Qc1 Rd8 12.Rxd8+ Qxd8 13.Rd1 Qe8 14.h3 Bxf3 15.Bxf3 Nd8
16.Nd5 Ne6 17.c3 c6 18.Nxf6+ Bxf6 19.Bg4 h5 20.Be2 Qe7 21.Bc4 Kg7 22.Bh6+ Kh7
23.Be3 Kg7 24.a3 b6 25.b4 Bg5 26.Bxe6 Bxe3 27.Qxe3 Qxe6 28.Qd3 Qb3 29.Qf3 Qxa3
30.Rd6 Qc1+ 31.Kh2  1/2-1/2

[Event "Ostrava"]
[Site "Ostrava"]
[Date "1991.??.??"]
[Round "9"]
[White "Mikac, Matjaz"]
[Black "Gazik, Igor"]
[Result "1/2-1/2"]
[WhiteElo "2425"]
[BlackElo "2455"]

1.e4 g6 2.d4 Bg7 3.Nc3 d6 4.Nf3 Bg4 5.Be2 Nc6 6.Be3 Nf6 7.O-O O-O 8.h3 Bxf3
9.Bxf3 e5 10.dxe5 dxe5 11.Nb5 Qe7 12.c3 a6 13.Na3 b5 14.Qc2 Na5 15.b4 Nb7
16.Nb1 c5 17.Qb2 Nd7 18.a4 bxa4 19.Nd2 cxb4 20.cxb4 Rfb8 21.Rxa4 Nbc5 22.Ra3 Ne6
23.Qa2 Qxb4  1/2-1/2

[Event "Oviedo rapid"]
[Site "Oviedo"]
[Date "1991.??.??"]
[Round "7"]
[White "Castro Rojas, Oscar Humberto"]
[Black "Azmaiparashvili, Zurab"]
[Result "0-1"]
[WhiteElo "2380"]
[BlackElo "2585"]

1.e4 d6 2.d4 g6 3.Nc3 Bg7 4.Be3 a6 5.Qd2 b5 6.Bd3 Nd7 7.a4 b4 8.Nce2 Rb8
9.f4 Ngf6 10.Nf3 Bb7 11.Ng3 O-O 12.e5 Nd5 13.h4 c5 14.e6 fxe6 15.h5 cxd4
16.Bxd4 Nxf4 17.Bxg7 Kxg7 18.hxg6 hxg6 19.O-O-O Bxf3 20.gxf3 Ne5 21.Rdg1 Qa5
22.Bf5 exf5 23.Qxf4 Kf7 24.b3 Qc5 25.Kb1 Rbc8 26.Rg2 Rh8 27.Rhg1 Ke8 28.Nxf5 gxf5
29.Qxf5 Rf8 30.Qe6 Kd8 31.f4 Nc6 32.Rd1 Nd4 33.Qe4 Nxc2 34.Rgd2 Rf7 35.Qg6 Qf5  0-1

[Event "Paris-ch"]
[Site "Paris"]
[Date "1991.??.??"]
[Round "8"]
[White "Michalet, Guy"]
[Black "Rene, Benoit"]
[Result "1/2-1/2"]
[WhiteElo "2220"]
[BlackElo "2295"]

1.d4 g6 2.e4 Bg7 3.Nc3 d6 4.Be2 Nc6 5.Be3 Nf6 6.h3 O-O 7.Nf3 e5 8.O-O exd4
9.Nxd4 Re8 10.Nxc6 bxc6 11.Bf3 Bd7  1/2-1/2

[Event "Podolsk"]
[Site "Podolsk"]
[Date "1991.??.??"]
[Round "?"]
[White "Terterians, Vladimir"]
[Black "Belov, Igor"]
[Result "1/2-1/2"]
[WhiteElo "2395"]
[BlackElo "2435"]

1.e4 g6 2.d4 Bg7 3.Nc3 d6 4.g3 Nf6 5.Bg2 O-O 6.Nge2 e5 7.h3 c6 8.a4 a5 9.O-O Na6
10.Be3 Nb4 11.Qd2 Be6 12.Rad1 Bc4 13.Rfe1 Qc7 14.Nc1 Rfe8 15.b3 Ba6 16.Nb1 Nh5
17.g4 exd4 18.Bxd4 c5 19.Bxg7 Nxg7 20.c3 Nc6 21.Qxd6 Qxd6 22.Rxd6 Rad8 23.Red1 Rxd6
24.Rxd6 Ne6 25.f3 Nf4 26.Kf2 g5 27.Nd2 Re6 28.Rd5 Ne5 29.Rd8+ Kg7 30.Nf1 Nxg2
31.Kxg2 Bxf1+ 32.Kxf1 Nxf3 33.Rd5 b6 34.Kf2 Ne5 35.Ke3 h6 36.Nd3 Ng6  1/2-1/2

[Event "Porz op27"]
[Site "Porz"]
[Date "1991.??.??"]
[Round "4"]
[White "Wolf, Walter"]
[Black "Kauschmann, Herbert"]
[Result "1-0"]
[WhiteElo "2265"]
[BlackElo "2235"]

1.e4 g6 2.d4 Bg7 3.Nc3 d6 4.Bc4 c6 5.Bb3 Nf6 6.Nf3 O-O 7.h3 d5 8.Qe2 b6 9.exd5 cxd5
10.O-O Ba6 11.Nb5 Nc6 12.c3 Ne4 13.a4 Na5 14.Bc2 Nd6 15.Bg5 Bxb5 16.axb5 Re8
17.Rfe1 Qd7 18.Bd3 e6 19.Ne5 Qb7 20.Ng4 Rf8 21.Nf6+ Kh8 22.Qg4 Ne8 23.Qh4 Nxf6
24.Bxf6 Qc7 25.Qg5 Bxf6 26.Qxf6+ Kg8 27.h4 Qd8 28.Qf4 Kg7 29.h5 h6 30.hxg6 fxg6
31.Qg4 Qf6 32.Rxe6 Qxf2+ 33.Kh1 Kh8 34.Rxg6 Rf6 35.Rf1 Rxg6 36.Qxg6 Qh4+
37.Kg1 Qe7 38.Qxh6+ Kg8 39.Rf3  1-0

[Event "Porz op26"]
[Site "Porz"]
[Date "1991.??.??"]
[Round "8"]
[White "Womacka, Mathias"]
[Black "Kovalev, Andrei"]
[Result "1-0"]
[WhiteElo "2425"]
[BlackElo "2550"]

1.e4 g6 2.d4 Bg7 3.Nc3 d6 4.Be3 c6 5.a4 Nf6 6.h3 O-O 7.Nf3 Nbd7 8.a5 d5 9.e5 Ne8
10.Qd2 f6 11.exf6 exf6 12.Bf4 Qe7+ 13.Be2 Nd6 14.O-O f5 15.Rfe1 Ne4 16.Qc1 Re8
17.Bf1 Bf6 18.Na4 Qg7 19.Bh6 Qh8 20.Qe3 Nf8 21.c4 Be6 22.cxd5 Bxd5 23.Nc3 Bf7
24.Qd3 Nxc3 25.bxc3 Rad8 26.Rab1 Rxe1 27.Rxe1 Ne6 28.Qb1 Bg7 29.Bxg7 Qxg7
30.Qxb7 c5 31.Bc4 Ng5 32.Nxg5 Bxc4 33.Re7 Qf6 34.Nxh7 Qd6 35.Ng5 Rb8 36.Rg7+ Kf8
37.Nh7+ Ke8 38.Qd7+ Qxd7 39.Nf6+ Kf8 40.Rxd7 cxd4 41.cxd4 a6 42.Rc7 Rb1+
43.Kh2 Bb5 44.Kg3 Rb2 45.Nh7+ Ke8 46.Rg7 f4+ 47.Kxf4 Rxf2+ 48.Kg3 Ra2 49.Rxg6 Rxa5
50.Rg7 Ra1 51.Ra7 Ra2 52.Nf6+ Kf8 53.h4 Bf1 54.h5 Rxg2+ 55.Kf3 Rg7 56.Nd7+ Kg8
57.Kf4 Rf7+ 58.Kg5 Rg7+ 59.Kf6 Rf7+ 60.Kg6 Rg7+ 61.Kf6 Rf7+ 62.Kg5 Rg7+ 63.Kh4 Rf7
64.h6 Bb5 65.Ra8+ Kh7 66.Ne5 Rf1 67.Ng4 Rh1+ 68.Kg5 Rg1 69.Ra7+ Kh8 70.Kf4 Rf1+
71.Ke5 Re1+ 72.Kd6 Rf1 73.Kc5 Rc1+ 74.Kb4 Rb1+ 75.Kc3 Rc1+ 76.Kb4 Rb1+ 77.Ka5 Rf1
78.Ne5 Rf6 79.Nf7+ Kh7 80.Nd6+ Kxh6 81.Nxb5 axb5 82.Kxb5 Rf1 83.d5 Kg6 84.Re7 Rc1
85.d6 Kf6 86.Re8 Rd1 87.Kc6 Rc1+ 88.Kb6 Rb1+ 89.Kc7 Rc1+ 90.Kd8 Kf7 91.d7 Rc2
92.Re7+ Kf6 93.Ke8  1-0

[Event "Porz op27"]
[Site "Porz"]
[Date "1991.??.??"]
[Round "9"]
[White "Vitolinsh, Alvis"]
[Black "Niesel, Matthias"]
[Result "1-0"]
[WhiteElo "2425"]
[BlackElo "2285"]

1.e4 g6 2.d4 Bg7 3.Nc3 d6 4.h3 a6 5.g4 b5 6.Bg2 Bb7 7.Nge2 Nd7 8.Ng3 c5 9.Be3 b4
10.Nce2 Qb6 11.O-O e5 12.c3 Rd8 13.f4 cxd4 14.cxd4 Ne7 15.Qd2 exf4 16.Nxf4 O-O
17.g5 Rfe8 18.Rf2 d5 19.exd5 Nf8 20.d6 Nc8 21.Nd5 Bxd5 22.Bxd5 Nxd6 23.Rc1 Rxe3
24.Qxe3 Bxd4 25.Qf3 Bxf2+ 26.Qxf2 Qxf2+ 27.Kxf2 Nb5 28.Ne4 Kg7 29.Bb3 Nd4
30.Rd1 Nfe6 31.Bxe6 Nxe6 32.Rxd8 Nxd8 33.Ke3 h6 34.h4 hxg5 35.hxg5 Ne6 36.Kd3 Kf8
37.Kc4 Ke7 38.Kxb4 Nc7 39.Ka5 Ke6 40.a4 Kf5 41.Nd6+ Kxg5 42.Kb6 Nd5+ 43.Kc5 Ne7
44.Nxf7+ Kf6 45.Nd6 Ke6 46.Ne4 Kf5 47.Nf2 Kf4 48.Kb6 Ke3 49.Ng4+ Kd4 50.a5 Kc4
51.Ne5+ Kb4 52.Kxa6 g5 53.Nd3+ Kc4 54.b4 Nd5 55.Kb7 Kb5 56.a6 g4 57.a7 Nb6
58.Nf4 g3 59.Ng2  1-0

[Event "Salo op"]
[Site "Salo"]
[Date "1991.??.??"]
[Round "4"]
[White "Pulkkinen, Kari"]
[Black "Schulman, Leonid"]
[Result "1-0"]
[WhiteElo "2215"]
[BlackElo "2290"]

1.e4 d6 2.d4 g6 3.Nc3 Bg7 4.h3 Nf6 5.Be3 O-O 6.g4 Nbd7 7.Bg2 e5 8.Nge2 h5
9.g5 Nh7 10.h4 f6 11.Qd2 fxg5 12.hxg5 exd4 13.Nxd4 Ne5 14.Qe2 c5 15.Nf5 Nxg5
16.O-O-O Ngf7 17.f4 Ng4 18.Nxg7 Nxe3 19.Qxe3 Kxg7 20.Nd5 Nh6 21.Qc3+ Kh7
22.Bf3 Be6 23.f5 gxf5 24.Rdg1 Rf7 25.Bxh5  1-0

[Event "Santa Clara"]
[Site "Santa Clara"]
[Date "1991.??.??"]
[Round "4"]
[White "Arencibia, Walter"]
[Black "Nogueiras, Jesus"]
[Result "0-1"]
[WhiteElo "2560"]
[BlackElo "2535"]

1.e4 d6 2.d4 g6 3.Nc3 Bg7 4.Be3 c6 5.Qd2 b5 6.a4 b4 7.Nd1 Nf6 8.f3 Qa5 9.Ne2 Nbd7
10.Bh6 Bxh6 11.Qxh6 c5 12.Qd2 Ba6 13.Ne3 O-O 14.d5 Ne5 15.Nf4 Bxf1 16.Rxf1 c4
17.Qd4 Qb6 18.Ne2 Rfc8 19.a5 Qc7 20.h3 b3 21.cxb3 Nd3+ 22.Kd2 Nc5 23.Qxc4 Qb8
24.Nd4 Ncxe4+ 25.fxe4 Rxc4 26.bxc4 Nxe4+ 27.Kd3 Nc5+ 28.Kc3 Qb7 29.Rae1 Rb8
30.Re2 Qb4+  0-1